<?xml version="1.0" encoding="UTF-8"?>
<record
    xmlns:xsi="http://www.w3.org/2001/XMLSchema-instance"
    xsi:schemaLocation="http://www.loc.gov/MARC21/slim http://www.loc.gov/standards/marcxml/schema/MARC21slim.xsd"
    xmlns="http://www.loc.gov/MARC21/slim">

  <leader>01118nam a2200289 i 4500</leader>
  <controlfield tag="001">21640</controlfield>
  <controlfield tag="003">ES-MaACL</controlfield>
  <controlfield tag="005">20250806064054.0</controlfield>
  <controlfield tag="007">t|</controlfield>
  <controlfield tag="008">021126s1957    sp af        |||| | spa d</controlfield>
  <datafield tag="080" ind1=" " ind2=" ">
    <subfield code="a">579.716.8</subfield>
  </datafield>
  <datafield tag="080" ind1=" " ind2=" ">
    <subfield code="a">582(084)</subfield>
  </datafield>
  <datafield tag="100" ind1="1" ind2=" ">
    <subfield code="a">Alc&#xE1;zar Fern&#xE1;ndez-Moreno, Augusto.</subfield>
    <subfield code="9">19536</subfield>
  </datafield>
  <datafield tag="245" ind1="1" ind2="0">
    <subfield code="a">Fitolog&#xED;a gr&#xE1;fica </subfield>
    <subfield code="b">: herbario naturalista (estudio farmac&#xE9;utico de las plantas) / </subfield>
    <subfield code="c">Augusto Alc&#xE1;zar Fern&#xE1;ndez-Moreno ; pr&#xF3;logo de Salvador Rivas Goday.</subfield>
  </datafield>
  <datafield tag="246" ind1="3" ind2="4">
    <subfield code="i">Subt&#xED;tulo de cubierta</subfield>
    <subfield code="a">Herbolario naturalista y farmac&#xE9;utico</subfield>
  </datafield>
  <datafield tag="260" ind1=" " ind2=" ">
    <subfield code="a">Madrid : </subfield>
    <subfield code="b">Dossat, </subfield>
    <subfield code="c">1957 (</subfield>
    <subfield code="f">[J. L&#xF3;pez])</subfield>
  </datafield>
  <datafield tag="300" ind1=" " ind2=" ">
    <subfield code="a">VII, 428 p., 65 l&#xE1;m. col. : </subfield>
    <subfield code="b">il. ; </subfield>
    <subfield code="c">30 cm.</subfield>
  </datafield>
  <datafield tag="490" ind1="1" ind2=" ">
    <subfield code="a">Colecci&#xF3;n agrot&#xE9;cnica</subfield>
  </datafield>
  <datafield tag="500" ind1=" " ind2=" ">
    <subfield code="a">&#xCD;ndices.</subfield>
  </datafield>
  <datafield tag="599" ind1=" " ind2=" ">
    <subfield code="a">En cub.: "430 l&#xE1;minas de plantas, 65... en color, con un vocabulario cient&#xED;fico y otro de sin&#xF3;nimos vulgares"</subfield>
  </datafield>
  <datafield tag="650" ind1=" " ind2="4">
    <subfield code="a">Herbarios.</subfield>
    <subfield code="9">149381</subfield>
  </datafield>
  <datafield tag="650" ind1="0" ind2="7">
    <subfield code="a">Plantas medicinales</subfield>
    <subfield code="2">embne</subfield>
    <subfield code="9">16118</subfield>
  </datafield>
  <datafield tag="700" ind1="1" ind2=" ">
    <subfield code="a">Rivas Goday, Salvador.</subfield>
    <subfield code="9">97576</subfield>
  </datafield>
  <datafield tag="830" ind1="0" ind2=" ">
    <subfield code="a">Colecci&#xF3;n agrot&#xE9;cnica</subfield>
    <subfield code="9">228961</subfield>
  </datafield>
  <datafield tag="852" ind1=" " ind2=" ">
    <subfield code="a">ES-MaACL</subfield>
    <subfield code="j">C-12843</subfield>
  </datafield>
  <datafield tag="999" ind1=" " ind2=" ">
    <subfield code="c">21640</subfield>
    <subfield code="d">21640</subfield>
  </datafield>
  <datafield tag="952" ind1=" " ind2=" ">
    <subfield code="0">0</subfield>
    <subfield code="1">0</subfield>
    <subfield code="4">0</subfield>
    <subfield code="7">0</subfield>
    <subfield code="a">ATENEOM</subfield>
    <subfield code="b">ATENEOM</subfield>
    <subfield code="c">SPAL</subfield>
    <subfield code="d">2008-01-17</subfield>
    <subfield code="e">SC</subfield>
    <subfield code="l">0</subfield>
    <subfield code="o">C-12843</subfield>
    <subfield code="p">1022241</subfield>
    <subfield code="r">2023-02-23 00:00:00</subfield>
    <subfield code="w">2023-02-23</subfield>
    <subfield code="y">MONOGRAFIA</subfield>
  </datafield>
</record>
